First 10 Digits of Pi - Statistics

General Stats
  • This quiz has been taken 136 times
  • The average score is 10 of 10
Answer Stats
Answer % Correct
1
100%
3.
100%
4
100%
1
97%
5
97%
9
96%
2
93%
6
93%
3
92%
5
92%
No matching quizzes found
Score Distribution
Percent of People with Each Score
Percentile by Number Answered
Your Score History
You have not taken this quiz